ნორმალური ფორმატი
MARC ფორმატი
ჩანაწერი Geographic Name
ჩანაწერთა რაოდენობა, რომელიც გამოყენებულია: 1
001 - CONTROL NUMBER
- control field: 11414
003 - CONTROL NUMBER IDENTIFIER
- control field: GE_BSU
005 - DATE AND TIME OF LATEST TRANSACTION
- control field: 20210416133759.0
008 - FIXED-LENGTH DATA ELEMENTS
- fixed length control field: 210416|| aca||aabn | a|a d
040 ## - CATALOGING SOURCE
- Original cataloging agency: GE_BSU
- Transcribing agency: GE_BSU
151 ## - HEADING--GEOGRAPHIC NAME
- Geographic name: European Union countries
- General subdivision: Politics and government
- General subdivision: Philosophy.
670 ## - SOURCE DATA FOUND
- Source citation: Work cat.: (GE_BSU)0: Wiener, Antje. 10395, European integration theory /, 2009.
